A letto con Madonna /

Saved in:
書目詳細資料
其他作者: Madonna, Keshishian, Alex
格式: 幻燈片
語言:意大利语
出版: Milano : RCS Vivivideo, [dopo il 1990]
標簽: 添加標簽
沒有標簽, 成為第一個標記此記錄!

MARC

LEADER 00000ngm a22000007i 4500
001 IT\ICCU\UBO\1917272
003 ItRI
005 20260124182806.0
008 021214s1990 it |||||||||||||||k|||||c
040 |b ita 
041 7 |a ita  |2 ISO-639-2 
245 0 0 |a A letto con Madonna /  |c regia di Keshishian Alex. 
260 |a Milano :  |b RCS Vivivideo,  |c [dopo il 1990] 
300 |a 1 videocassetta (VHS) (ca. 120 min.) :  |b col., son 
500 |a Interpreti: Madonna ; descrizione basata sul contenitore. 
700 0 |a Madonna  |0 IT\ICCU\RAVV\090347 
700 1 |a Keshishian, Alex  |0 IT\ICCU\UBOV\718814 
790 0 |a Madonna  |c  (Madonna Ciccone)  |3 IT\ICCU\CFIV\370258  |z Madonna 
790 1 |a Ciccone, Madonna  |3 IT\ICCU\SBNV\034421  |z Madonna 
790 1 |a Ciccone, Madonna Louise Veronica  |3 IT\ICCU\URBV\164797  |z Madonna 
942 |2 ddc  |c VM  |n 0 
952 |0 0  |1 0  |4 0  |6 VO_230_000000000000000  |7 0  |9 26331  |a BO  |b BO  |d 2026-01-24  |i 6416  |l 0  |o VO 230  |p BO6416  |r 2026-01-24 18:28:06  |w 2026-01-24  |x [Sebina 5] [1 videocassetta]  |y VM  |z 1 videocassetta 
999 |c 22250  |d 22250